| 000 | 00530nam a2200169 i 4500 | ||
|---|---|---|---|
| 001 | 22739 | ||
| 003 | ES-MaACL | ||
| 005 | 20230906152741.0 | ||
| 007 | t| | ||
| 008 | 021204s18701880sp ||||1| spa d | ||
| 100 | 1 |
_aAlvarez Pérez, José. _920913 |
|
| 245 | 1 | 0 |
_aAventuras de tres voluntarios _b: episodio de la guerra en la Isla de Cuba / _cpor José Alvarez Pérez. |
| 260 |
_aMadrid : _b[s.n., _c1873?] ( _fImp. Bibl. Inst. y Recreo) |
||
| 300 |
_a277 p. ; _c19 cm. |
||
| 852 |
_aES-MaACL _jD-918 |
||
| 852 |
_aES-MaACL _jD-3114 |
||
| 999 |
_c22739 _d22739 |
||